| 000 | 00482nmm a2200169Ia 4500 | ||
|---|---|---|---|
| 008 | 251105s9999||||xx |||||||||||||||||und|| | ||
| 020 | _a9788475227221 | ||
| 041 | _aspa | ||
| 100 | _aBelli, Carlos Germán | ||
| 245 | 0 | _aSextinas, villanelas y baladas | |
| 264 |
_a[Madrid, España] : _bVisor Libros, _c2007 |
||
| 300 | _a53 páginas | ||
| 490 | _aVisor de Poesía | ||
| 650 | _aLatin American poetry | ||
| 856 | _uhttps://public.digitaliapublishing.com/a/41081 | ||
| 942 | _cCF | ||
| 999 |
_c85010 _d85010 |
||